000 00436cam a22001217a 4500
008 180718b1993 xxu||||| |||| 00| 0 eng d
082 _aW2 C333
245 _aBus transport before and after nationalisation:a case on Srikakulam district - Andhra Pradesh
_cby Central Institute of Road Transport
260 _aPune
_bCentral Institute of Road Transport
_c1993
300 _a28p.
440 _aWorking paper; no. 4
650 _aTransportation
999 _c403263
_d403263